Statistics for 2-letter blocks not present in any Country Name

Click here to take the quiz!

General Stats

  • This quiz has been taken 81 times
  • The average score is 36 of 72

Answer Stats

_ _% Correct
AX
75%
AA
70%
ZO
70%
QO
66%
ZY
66%
OX
64%
QI
64%
QE
62%
UU
62%
XO
62%
YI
62%
II
60%
XA
60%
YO
60%
YU
60%
AV
58%
FY
58%
YX
58%
DY
57%
OY
57%
YB
57%
YG
57%
YH
57%
YK
57%
YL
57%
YY
57%
OQ
55%
XU
55%
YD
55%
YF
55%
YJ
55%
EJ
53%
IX
53%
EF
51%
EU
51%
HY
51%
XY
51%
YM
51%
YN
51%
YQ
51%
YV
51%
IY
49%
YW
49%
JY
47%
QY
47%
UQ
47%
YT
47%
EH
45%
OK
45%
FU
43%
OJ
43%
OW
43%
FO
42%
JU
42%
OE
42%
UO
42%
WO
42%
WY
42%
PY
40%
VU
40%
VY
40%
WU
40%
JE
38%
MY
38%
OH
38%
IF
36%
UJ
36%
UF
34%
UP
34%
IH
32%
UH
32%
MU
26%

Score Distribution

Percentile by Number Answered

Percent of People with Each Score

Your Score History

You have not taken this quiz